Fundamentals of Digital Logic with Verilog Design (Record no. 23121)

000 -LEADER
fixed length control field 00286nam a22001217a 4500
020 ## - INTERNATIONAL STANDARD BOOK NUMBER
International Standard Book Number 0070528993
082 ## - DEWEY DECIMAL CLASSIFICATION NUMBER
Classification number 621.395
100 ## - MAIN ENTRY--PERSONAL NAME
Personal name Brown, STEPHEN
245 ## - TITLE STATEMENT
Title Fundamentals of Digital Logic with Verilog Design
260 ## - PUBLICATION, DISTRIBUTION, ETC.
Place of publication, distribution, etc. India
Name of publisher, distributor, etc. Tata McGraw-Hill
Date of publication, distribution, etc. 2002
300 ## - PHYSICAL DESCRIPTION
Extent 844
Other physical details PB
942 ## - ADDED ENTRY ELEMENTS (KOHA)
Koha item type Book
Holdings
Withdrawn status Lost status Damaged status Not for loan Collection code Permanent Location Current Location Shelving location Date acquired Full call number Barcode Date last seen Price effective from Koha item type
          NUST Baluchistan Campus (NBC) NUST Baluchistan Campus (NBC) General Stacks 03/01/2013 621.395BRO RCMS000087 03/01/2013 01/05/2017 Book
© 2023 Central Library, National University of Sciences and Technology. All Rights Reserved.